1331 1210 1163 1709 1066 1035 1624 1161 1914 1399 1932 1451 1556 1524 1498 1637 1206 1447 1974 1831 1090 1195 1663 1135 1049 1513 1693 1022 1379 1935 1671 1706 1419 1247 1309 1432 1945 1114 1984 1183 1786 1013 1660 1727 1582 1915 1231 1131 1775 1042 1457 1484 1101 1009 1848 1117 1889 1110 1165 1586 1498 1000 1121 1380 1510 1981 1896 1369 1061 1081 1571 1542 1329 1006 1490 1242 1093 1717 1375 1111 1519 1853 1555 1412 1600 1526 1693 1629 1721 1517 1228 1199 1003 1536 1013 1263 1738 1947 1338 BCNSPRNW ULIB Ver.6.0+V

เปลี่ยนเป็นภาษาไทย

Change to English
 แสดงรายละเอียดบรรณานุกรม
  กลับหน้าหลัก

Brief Record : Get Marc (ISO 2709) : E-mail record : QR code < ปิดหน้าต่าง
LEADER : 00000nam 2200000uu 4500
001    13399110854
003     ULIB
008    110610s2551||||th 000 0 tha d
020    9789744224408
060 04 WS200^bส181ป 2551
245 10 ปัญหาโรคเด็กที่พบบ่อย 2 /^cสถาบันสุขภาพเด็กแห่งชาติมหาราชินี ; บรรณาธิการ, ศรีศุภลักษณ์ สิงคาลวณิช ... [และคนอื่นๆ]
250    พิมพ์ครั้งที่ 2
260    นนทบุรี :^bสหมิตรพริ้นติ้งแอนด์พับลิสชิ่ง,^c2551
300    ก-ซ , 387 หน้า :^bภาพประกอบ (สีบางภาพ) ;^c30 ซม.
650  7 กุมารเวชศาสตร์
650  7 โรค^xการรักษา
650  7 โรค^xในวัยทารกและวัยเด็ก
700 0  ศรีศุภลักษณ์ สิงคาลวณิช,^eบรรณาธิการ
710 2  สถาบันสุขภาพเด็กแห่งชาติมหาราชินี
945    ^p500^l0^i026172
945    ^p500^l0^i026171
945    ^p500^l0^i024824
995    ทศพร
999 ^a ใช้งานได้ทุกระบบ
รายการนี้ยังไม่มีแท็ก
คุณยังไม่ได้ล็อกอิน คุณสามารถมีกิจกรรมร่วมกับเว็บไซต์ได้ แต่ต้องล็อกอินก่อน ::
  ล็อกอิน

รายการสื่อสารสนเทศ

ลำดับที่ ประเภท เลขเรียก/บาร์โค้ด สถานที่ สถานะ
- ไม่พบข้อมูล -

รายการใกล้เคียง
    หัวเรื่อง [กุมารเวชศาสตร์]
    หัวเรื่อง [โรค การรักษา]
    หัวเรื่อง [โรค ในวัยทารกและวัยเด็ก]

BibComment


ยังไม่เคยถูกคอมเมนท์

คอมเมนท์ทรัพยากรรายการนี้
  คอมเมนท์: ปัญหาโรคเด็กที่พบ..


 Copyright 2026. Bcnsprnw @Library